000 00262nam a22001217a 4500
041 _aENG
100 _aTkinson.K.A
245 _aElemrntary Numerical Analysis
260 _aDelhi
_bWiley India
_c2011
300 _a560
650 _aSWCE
856 _uSWCE ( 43 )
999 _c1973
_d1973